10 Random Countries In Asia - Statistics

General Stats
  • This quiz has been taken 26 times
  • The average score is 8 of 10
Answers on the Map
Answers color-coded by a green-red scale on the quiz's map according to % correct below.
 
Answer Stats
Answer % Correct
China
95%
India
91%
Indonesia
91%
Yemen
91%
Thailand
86%
Azerbaijan
77%
Bhutan
77%
Brunei
77%
Uzbekistan
77%
East Timor
73%
No matching quizzes found
Score Distribution
Percent of People with Each Score
Percentile by Number Answered
Your Score History
You have not taken this quiz